| 000 | 00348nam a2200145Ia 4500 | ||
|---|---|---|---|
| 008 | 150201s2013 xx 000 0 und d | ||
| 082 |
_a616.01 _bM13A |
||
| 100 | _aANTHIKAD, JACOB | ||
| 245 | _aMEDICAL MICROBIOLOGY FOR NURSES | ||
| 250 | _a1ST | ||
| 260 |
_bJAYPEE _aDELHI _c2013 |
||
| 300 | _a211 | ||
| 650 | _aMICROBIOLOGY | ||
| 942 |
_2ddc _cBK _019 |
||
| 999 |
_c2429 _d2429 |
||